Statistiques concernant Noms des Super-Héros de Marvel

Cliquez ici pour prendre le quiz!

Statistiques générales

  • Ce quiz a été pris 2 247 fois
  • Le résultat moyen est 7 sur 28

Statistiques - réponses

HintRéponse% Correct
3Iron Man
95%
4Hulk
83%
1Thor
81%
13Spider-man
79%
2Capitaine America
49%
26Ant-Man
48%
20Wolverine
29%
6Oeil de faucon
28%
5Veuve noire
28%
12Loki
26%
8Vision
24%
7Faucon
22%
15Batman
19%
14Super-man
19%
24Magneto
15%
21Cyclope
14%
10Sorcière rouge
14%
9War Machine
13%
19Professeur X
12%
25Tornade
12%
16La chose
7%
11Vif-Argent
7%
17La torche humaine
5%
28Ultron
5%
18La femme invisible
4%
27La panthère noire
4%
22Iceberg
3%
23Le fauve
3%

Distribution des résultats

Percentile par nombre de réponses

% des personnes avec chaque résultat

Votre développement - résultats

Vous n’avez pas pris ce quiz